000 02049cam a2200349 a 4500
001 907876
003 OSt
005 20230608101450.0
008 820102s1981 gw b 000 0 eng
010 _a 81189515
015 _aGFR81
020 _a3167437529
040 _aDLC
_cDLC
_dDLC
_dOCoLC
043 _ae-gx---
050 0 0 _aDS135.G33
_bR44
082 0 0 _a948.2
_bROB
245 0 0 _aRevolution and evolution, 1848 in German-Jewish history /
_cedited by Werner E. Mosse, Arnold Paucker, Reinhard Rürup.
260 _aTübingen :
_bMohr,
_c1981.
300 _axii, 431 ;
_c24 cm.
440 0 _aSchriftenreihe wissenschaftlicher Abhandlungen des Leo Baeck Instituts,
_x0459-097X ;
_v39
504 _aIncludes bibliographical references and indexes.
505 0 _aThe European revolutions of 1848 and Jewish emancipation / Reinhard Rürup -- Emancipation and population change / Lawrence Schofer -- Emancipation and continuity : German Jews in the rural economy / Monika Richarz -- The German Jews at the start of industrialisation / Avraham Barkai -- Family structure and the position of Jewish women / Julius Carlebach -- Emancipation and the crisis of religious authority : the emergence of the modern rabbinate / Ismar Schorsch -- The 1840s and the creation of the German-Jewish religious reform movement /Steven M. Lowenstein -- German-Jewish social thought in the mid-nineteenth century / Uriel Tal -- Religious dissent and tolerance in the 1840s / Hermann Greive -- Heine's portraits of German and French Jews on the eve of the 1848 Revolution / S.S Prawer -- The revolution of 1848 : Jewish emancipation in Germany and its limits / Werner E. Mosse.
650 0 _aJews
_zGermany
_xHistory
_y1800-1933.
650 0 _aJudaism
_zGermany
_xHistory
_y19th century.
651 0 _aGermany
_xHistory
_yRevolution, 1848-1849.
651 0 _aGermany
_xEthnic relations.
700 1 _aMosse, Werner Eugen.
700 1 _aPaucker, Arnold.
700 1 _aRürup, Reinhard.
906 _a7
_bcbc
_corignew
_d2
_encip
_f19
_gy-gencatlg
942 _2ddc
_cBK
999 _c836
_d836